Slovácké novini

Bibliographic Details
Format: Newspaper
Language:Slovak
PhysicalDescription:1 zv. 40 cm
Published: V Prešporku Ondrej Kostelni 1848

MARC

LEADER 00000cas a2200000 a 4500
001 vtls001307423
003 SK-MaSNL
005 20260221112402.0
008 180810d18481848xo cr|ne 0 0b0slo
035 |a SNK000259703 
040 |a SNK  |b slo  |c SNK  |e AACR2 
041 0 |a slo 
044 |a xo  |c SK 
080 |a 050  |2 2001 
245 0 0 |a Slovácké novini 
260 |a V Prešporku  |b Ondrej Kostelni  |c 1848 
300 |a 1 zv.  |c 40 cm 
310 |a 2x týždenne 
362 0 |a Č. 1 (3. júla 1848)-č. 48 (14. dec. 1848) 
500 |a Vychádzali v pondelok a vo štvrtok, od 31. aug. 1848 v nedeľu a vo štvrtok 
752 |a Slovensko  |d Bratislava 
776 0 |t Slovácke novini (Mikrodokument) 
850 |a Slovenská národná knižnica v Martine 
910 |a snk 
958 |a ONDV 
999 |c 182  |d 2112 
952 |0 0  |1 0  |4 0  |7 0  |a SNK  |b SNK  |d 1997-10-24  |l 0  |o snkČSA 19/1848  |p 17A0104963  |r 2005-01-02 00:00:00  |t č. 1-48, neúplné  |w 2026-02-21  |y PREZ  |z Chýba č. 2-17, 21-25, 27 
952 |0 0  |1 0  |4 0  |7 0  |a SNK  |b SNK  |d 2003-02-14  |l 0  |o snkČSA 19/1848 D1  |p 17A0373440  |r 2005-01-02 00:00:00  |t č. 1-48, neúplné  |w 2026-02-21  |y PREZ  |z Chýba č. 1-30, 41, 48